书目信息 |
| 题名: |
毛泽东选集
|
|
| 作者: | 毛泽东 | |
| 分册: | 第五卷 | |
| 出版信息: | 北京 人民出版社出版 1977.04 |
|
| 页数: | 500页 | |
| 开本: | 20cm | |
| 丛书名: | ||
| 单 册: | ||
| 中图分类: | A41:5 | |
| 科图分类: | ||
| 主题词: | 毛泽东著作--选集 | |
| 电子资源: | ||
| ISBN: | ||
| 000 | 00543nam0 2200193 450 | |
| 001 | 0856893496 | |
| 005 | 20080623155148.64 | |
| 010 | @dCNY0.78 | |
| 100 | @a20080623d1977 km y0chiy0120 ea | |
| 101 | 0 | @achi |
| 102 | @aCN@b110000 | |
| 200 | 1 | @a毛泽东选集@Amao ze dong xuan ji@h第五卷@f毛泽东@Fmao ze dong |
| 210 | @a北京@c人民出版社出版@d1977.04 | |
| 215 | @a500页@d20cm | |
| 606 | 0 | @a毛泽东著作@x选集 |
| 690 | @aA41:5@v4 | |
| 701 | 0 | @a毛泽东@Amao ze dong |
| 801 | 0 | @aCN@b大连网信软件有限公司图书馆·11@c20080623 |
| 905 | @aZUCC@dA41:5@eM368 | |
| 毛泽东选集.第五卷/毛泽东.-北京:人民出版社出版,1977.04 |
| 500页;20cm |
| ISBN :CNY0.78 |
| ● |
| 相关链接 |
|
|
|
正题名:毛泽东选集
索取号:A41:5/M368
 
预约/预借
| 序号 | 登录号 | 条形码 | 馆藏地/架位号 | 状态 | 备注 |
| 1 | 452984 | 204529849 | 社科库509/509社科库 1排4列5层/ [索取号:A41:5/M368] |
已借出,限还日期为2026.11.10 借出人:温栋超 |